01370 2200193 4500001002100000005001500021035002000036008004100056245003700097100002200134250000600156260004000162300001200202084001400214082000800228650001000236520091800246990001201164INLIS00000000000103120240527111729 a0010-0524000266240527 1 ind 1 aGadis Pantai /cPramoedya Ananta aAnanta, Pramoedya a1 aJakarta :bLentera Dipantara,c2011 a272 hlm a813 PRA g a813 4aFiksi aSebuah buku adalah sebuah kesaksian. Dan buku ini adalah kesaksian tentang peristiwa genosida kemanusiaan paling mengerikan di balik pembangunan Jalan Raya Pos atau yang lebih dikenal dengan Jalan Daendels; jalan yang membentang 1000 kilometer sepanjang utara pulau Jawa. dari Anyer sampai Panarukan. Inilah satu dari beberapa kisah tragedi kerja paksa terbesar sepanjang sejarah di Tanah Hindia. Pramoedya Ananta Toer lewat buku ini menuturkan sisi paling kelam pembangunan jalan yang beraspalkan darah dan airmata manusia-manusia Pribumi. Pemeriksaan yang cukup detail dan bercorak tuturan perjalanan ini, membiakkan sebuah ingatan yang satire, bahwa kita adalah bangsa kaya tapi lemah. Bangsa yang sejak lama bermental diperintah oleh bangsa-bangsa lain. Satu lagi buku yang menguak sejarah tragedi terbesar terkoyaknya kita sebagai sebuah bangsa yang kawasannya luas, kaya, tapi selalu kalah dalam segala hal. a0744009